000 00468nam a22001697a 4500
999 _c7579
_d7579
003 OSt
005 20211208170155.0
008 211208b ||||| |||| 00| 0 eng d
040 _cddc
082 _a657 OMU 1999
100 _aOmonuk, Joseph Ben
_915502
245 _aFundamental Accounting for Business:
_bPractical Emphasis.
260 _aMakerere:
_bJoseph Ben Omonuk;
_cc1999
300 _aiii,334p.
650 _aFundamental Accounting.
_915503
942 _2ddc
_cBOOK